01426cam a2200337 i 450000100090000000300090000900500170001800800410003502000310007602000280010704000650013504100130020008200190021310000390023224000290027124500380030025000200033826400360035826400100039430000480040449000410045250000210049350502390051454600550075365000310080865300350083965500170087494200120089199900170090395201680092016295895EG-ScBUE20240905090628.0100622t2010 gw a f 001 0 eng d a9783642142789 (alk. paper) a3642142788 (alk. paper) aBUFbengerdacBUFdBUFdYDXCPdUMSdUBFdAZUdDLCdEG-ScBUE1 aenghger04a511.5222bDIE1 aDiestel, Reinhard,eauthor.93928610aGraphentheorie.lEnglish10aGraph theory /cReinhard Diestel. aFourth edition. aHeidelberg :bSpringer,c[2010] 4cc2010 axviii, 436 pages :billustrations ;c24 cm.0 aGraduate texts in mathematics ;v173 aIncludes index. 0 aThe basics -- Matching, covering and packing -- Connectivity -- Planar graphs -- Colouring -- Flows -- Extremal graph theory -- Infinite graphs -- Ramsey theory for graphs -- Hamilton cycles -- Random graphs -- Minors, trees, and WQO. aText in English ; translated from original German. 7aGraph theory.2BUEsh93997 bCOMSCIcJuly2015cFebruary2016 vReading book 2ddccBB c20232d20204 00102ddc40708BaccahaMAINbMAINc1STd2015-07-06ePurchaseg426.00h22353l2m17o511.5 DIEp000039443r2026-02-02 00:00:00s2025-10-22v533.00w2015-07-06yBB